| Поле | Название | Значение |
| |
Тип записи |
i |
| |
Библиографический уровень |
m |
| 001 |
Контрольный номер |
RU/IS/BASE/286562830 |
| 005 |
Дата корректировки |
20201206204624.0 |
| 010 |
Индекс ISBN |
__ |
| d |
Цена |
260-00 |
| 101 |
Язык документа |
__ |
| a |
Язык текста |
rus |
| c |
Язык оригинала |
rus |
| 200 |
Заглавие и сведения об ответственности |
1_ |
| a |
Заглавие |
За час до рассвета |
| e |
Сведения, относящиеся к заглавию |
радиоспектакль [Моск. акад. театра им. Вл. Маяковского] |
| f |
Первые сведения об ответственности |
Александр Галич ; [действующие лица и исполн.: Вера Орлова и др. ; режиссер Ф. Дудин ; поясн. текст читает А. Лукьянов ; музык. оформ. И. Меерович ; оркестр п/у А. Егизарина] |
| b |
Общее обозначение материала |
Звукозапись |
| 210 |
Выходные данные |
__ |
| a |
Место издания |
М. |
| c |
Издательство |
АРДИС |
| d |
Дата издания |
2007 |
| 215 |
Физическое описание |
__ |
| a |
Объем |
1 электрон. опт. диск (Audio CD) (1 ч. 40 мин.) |
| 225 |
Серия |
__ |
| a |
Серия |
Из архивов Гостелерадиофонда |
| 300 |
Общие примечания |
__ |
| a |
Общие примечания |
AudioCD ; MP3 ; 256 Kbps ; 16 bit ; 44.1 kHz ; stereo |
| 323 |
Примечание о главных создателях, исполнителях, участниках |
__ |
| a |
Примечание о главных создателях, исполнителях, участниках |
Орлова, В. (Вера) |
| a |
Примечание о главных создателях, исполнителях, участниках |
Лылов, К. (Илья) |
| a |
Примечание о главных создателях, исполнителях, участниках |
Толмазов, Б. (Глеб) |
| a |
Примечание о главных создателях, исполнителях, участниках |
Бахарев, В. (Мальцев) |
| a |
Примечание о главных создателях, исполнителях, участниках |
Борусевич, С. (Сима) |
| a |
Примечание о главных создателях, исполнителях, участниках |
Козырева, Е. (Таня) |
| a |
Примечание о главных создателях, исполнителях, участниках |
Овчинникова, Л. (Клава) |
| a |
Примечание о главных создателях, исполнителях, участниках |
Мельников, Г. (Федор) |
| a |
Примечание о главных создателях, исполнителях, участниках |
Винник, П. (Сережа) |
| a |
Примечание о главных создателях, исполнителях, участниках |
Круглов, Л. (Бельчиков) |
| a |
Примечание о главных создателях, исполнителях, участниках |
Сидорова, Э. (Зайка) |
| a |
Примечание о главных создателях, исполнителях, участниках |
Бабанина, Т. (Нина) |
| a |
Примечание о главных создателях, исполнителях, участниках |
Тер-Осипян. Н. (Девушка шофер) |
| a |
Примечание о главных создателях, исполнителях, участниках |
Прокофьев, Н. (Немецкий офицер) |
| a |
Примечание о главных создателях, исполнителях, участниках |
Лукьянов, А. (читает) |
| a |
Примечание о главных создателях, исполнителях, участниках |
Оркестр под управлением А. Егизарина |
| 330 |
Аннотация |
__ |
| a |
Аннотация |
Они познакомились на дороге, в колонне пленных, среди женщин, стариков и детей, которых на рассвете должны расстрелять - молодой солдатик, загорелый паренек и тоненькая кареглазая девушка. Волею мечты они перенеслись в другой мир, где нет войны и лагеря, смерти, где все есть все, что делает жизнь человека прекрасной. Они сочинили свое будущее, которому никогда не суждено сбыться… |
| 606 |
Тематические рубрики |
__ |
| a |
Основная рубрика |
Музыка и зрелищные искусства |
| 606 |
Тематические рубрики |
__ |
| a |
Основная рубрика |
Художественное радиовещание |
| z |
Хронологическая подрубрика |
20 в. |
| y |
Географическая подрубрика |
Россия |
| 610 |
Ключевые слова |
__ |
| a |
Ключевые слова |
радиоспектакли; радиопостановки; аудиопостановки; тема войны; тема любви; тема будущего; тема молодости; пьесы; радиопьесы |
| 686 |
Индексы других классификаций |
__ |
| a |
Классификационный индекс |
85.38я04 |
| 700 |
Автор |
_1 |
| a |
Фамилия |
Галич |
| b |
Имя |
А. А. |
| f |
Даты |
1918-1977 |
| g |
Полное личное имя |
Александр Аркадьевич |
| 4 |
Код отношения |
070 |
| 702 |
Вторичная интеллектуальная ответственность |
_1 |
| a |
Фамилия |
Дудин |
| b |
Имя |
Ф. |
| 4 |
Код отношения |
Режиссер |
| 4 |
Код отношения |
070 |
| 702 |
Вторичная интеллектуальная ответственность |
_1 |
| a |
Фамилия |
Меерович |
| b |
Имя |
И. |
| 4 |
Код отношения |
Музыкальное оформление |
| 4 |
Код отношения |
570 |
| 801 |
Источник записи |
_0 |
| a |
Страна |
RU |
| b |
Организация |
Муниципальное бюджетное учреждение культуры "Централизованная библиотечная система" г. Сургут (Центральная городская библиотека им. А. С. Пушкина) |
| g |
Правила каталогизации |
КиК/Поспелова |
| 801 |
Источник записи |
_1 |
| a |
Страна |
RU |
| b |
Организация |
Муниципальное бюджетное учреждение культуры "Централизованная библиотечная система" г. Сургут (Центральная городская библиотека им. А. С. Пушкина) |
| g |
Правила каталогизации |
КиК/Поспелова |
| 852 |
Данные о местонахождении |
__ |
| j |
Шифр хранения |
85.38я04 |
| c |
Каталожный индекс |
85.38я04 |
| i |
Авторский знак |
Г 15 |
| 901 |
Тип документа |
__ |
| t |
Тип документа |
0 |
| 903 |
Характеристики (МАРС) |
__ |
| a |
Дата передачи |
20090202 |
| 969 |
Тип издания |
__ |
| a |
Тип издания |
аудиоспектакль; аудиокнига |
| 990 |
Данные о заказе (DOS) |
__ |
| j |
Количество экземпляров (DOS) |
1 |
| h |
N записи в КСУ для Б/У (DOS) |
200902 |